00270nam a2200097Ia 4500008004100000082001200041100002100053245007900074260000600153300001300159190415s9999 xx 000 0 und d aRR.0010 aRamachandran, R. 0aSurvey of spatial communication behaviour and adoption of farm innovations c0 aV1. 205p